000 00422nam a2200181Ia 4500
005 20250603145052.0
008 250603s9999 xx 000 0 und d
020 _a0-563-51942-8
050 _aHV 28 .L83/
100 _aLucas, Bill
245 0 _aHappy families : how to make one, how to keep one
260 _aEssex
260 _bBBC Active
260 _c2006
300 _a218 p
650 _aEssex
942 _cBK
999 _c40773
_d40773